|
|
|
|
| LEADER |
00000nam a22000007a 4500 |
| 005 |
20170309235227.0 |
| 007 |
cr|||| |||| |
| 008 |
170309s2016 es |||||s|||| 00||0 spa d |
| 020 |
|
|
|a 978-84-9148-019-8
|
| 035 |
|
|
|a 14800
|
| 040 |
|
|
|a vLex
|
| 090 |
|
|
|c 6596
|d 6596
|
| 100 |
1 |
|
|a Ortega Přez, Nieves
|
| 245 |
1 |
2 |
|a El poder de la comunicacin̤
|h [Recurso electrn̤ico] :
|b Claves de la comunicacin̤ estratǧica en los espacios jurd̕ico y polt̕ico /
|c Nieves Ortega Přez
|
| 256 |
|
|
|a Servicio en ln̕ea
|
| 260 |
|
|
|a Madrid:
|b Dykinson,
|c 2016
|
| 300 |
|
|
|a 1 recurso electrn̤ico
|
| 500 |
|
|
|a El poder de la comunicacin̤. Claves de la comunicacin̤ estratǧica en los espacios jurd̕ico y polt̕ico, destaca de modo prc̀tico y profesional la decidida influencia que en la arena jurd̕ica y polt̕ica tienen la comunicacin̤ y sus estrategias como una de las competencias profesionales ms̀ importantes y valoradas. El perfil interdisciplinar de este libro parte de la consideracin̤ de que la comunicacin̤ se ha convertido en un elemento clave para las instituciones democrt̀icas y la sociedad civil. En las l︢timas dčadas, asistimos a una demanda mayor de participacin̤ de šta en los distintos m̀bitos. Las ln̕eas entre los actores pb︢licos y privados, y las distintas r̀eas de accin̤, se han difuminado. Los medios de comunicacin̤ se han transformado y los escenarios de debate han pasado a formar parte de una suerte de repositorio pb︢lico donde las estrategias de la comunicacin̤ resultan imprescindibles para comprenderlo y participar del mismo. Esta obra est ̀dirigida tanto a aquellos que quieran reflexionar sobre las claves de los nuevos modelos comunicativos en los espacios jurd̕ico y polt̕ico, como a los profesionales que requieran potenciar esta habilidad. Este trabajo acta︢ como gua̕ de recursos formativos e instrumento de apoyo prc̀tico orientado a la vida profesional.
|
| 506 |
1 |
|
|a Disponible solo en los productos indicados
|d vLex Global
|d vLex Global (Academic Edition, excluding Law Schools)
|d vLex Global (U.S. Academic Edition, Law Schools)
|d vLex Global (U.S. Academic Edition, excluding Law Schools)
|d vLex Global (Academic Edition, Law Schools)
|
| 650 |
0 |
4 |
|a Derecho Civil
|z Espaą
|
| 650 |
0 |
4 |
|a Ciencias sociales
|z Espaą
|
| 740 |
0 |
|
|a vLex Libros (Servicio en ln̕ea)
|
| 856 |
4 |
0 |
|u http://vlex.com/source/poder-de-la-comunicacion-claves-de-la-comunicacion-estrategica-en-los-espacios-juridico-y-politico-14800
|z Acceso restringido
|
| 942 |
|
|
|c BOOK
|
| 999 |
0 |
|
|a Civil Law
|
| 999 |
0 |
|
|a Social sciences
|